| 000 | 00524nam a2200157 4500 | ||
|---|---|---|---|
| 001 | 122549 | ||
| 003 | ES-MaACL | ||
| 005 | 20230906192011.0 | ||
| 007 | t| | ||
| 008 | 070214s1972 sp r ||||1| spa d | ||
| 245 | 0 | 0 |
_aPrivilegios Reales y viejos documentos de Cuenca / _ctranscripción y traducción por Margarita Vázquez de Parga de Nájera. |
| 260 |
_aMadrid : _bJoyas Bibliográficas, _c1972. |
||
| 300 |
_a56 f. ; _c36 cm. |
||
| 700 | 1 |
_aVázquez de Parga, Margarita. _9113423 |
|
| 852 |
_aES-MaACL _jE-6223 _bR.89644 |
||
| 999 |
_c122549 _d122549 |
||